00790nam a2200229Ia 4500003000900000008004100009040001300050040001300063041000800076100002300084100000800107245014400115250000900259260003300268260000900301300001000310300001000320490000600330942000700336999001700343952020000360IT-RoPAU120407s9999 xx 000 0 und d aIT-RoPAU cIT-RoPAU aita aM. Regina Cesarato csr. aIl carisma contemplativo-apostolico delle Pie Discepole del Divin Maestro. Relazione del 10 aprile 1987 - IV Capitolo generale Ariccia 1987 aRoma aCasa Generalizia PDDM - CSCM c1987 a73 p. c30 cm v1 cBK c36540d36540 00102ddc406PD_4_10100000000000071aPAULUSbPAULUSd2012-04-11l0oPD4.101r2012-04-11 00:00:00w2012-04-11yBKzInserito da: LuigiG In data: 27 ottobre 2011 fondo: Via A.Severo 56 Progr:11971